00620 2200229 4500001002100000005001500021035002000036007000300056008004100059020001800100082001000118084001600128100001700144245009300161250000600254260003300260300002800293700002300321700001400344650001500358990001700373INLIS00000000000151420260520101902 a0010-1123000145ta260520 c 0 ind  a979-534-570-x a629.1 a629.1 JAC r0 aJackson, Tom1 aRahasia di balik Helikopter /cTom Jackson ; alih bahasa, Didik Hari Pambudi & Wulandari a- aBandung :bPakar Raya,c2006 a32 :bilus. ;c28 cme-0 aDidik Hari Pambudi0 aWulandari 4aHelikopter a00062/R/2007